1183 1567 1875 1853 1579 1455 1662 1990 1427 1760 1299 1196 1104 1553 1903 1793 1921 1953 1511 1073 1454 1625 1042 1615 1154 1842 1055 1495 1839 1872 1637 1827 1023 1353 1585 1625 1955 1154 1865 1467 1143 1472 1347 1358 1015 1928 1894 1209 1533 1452 1990 1155 1328 1942 1079 1211 1718 1421 1650 1251 1008 1318 1933 1819 1091 1582 1349 1024 1048 1870 1375 1350 1764 1157 1550 1080 1588 1460 1926 1986 1550 1097 1306 1576 1087 1482 1526 1555 1603 1705 1121 1711 1182 1229 1449 1125 1782 1899 1344 BCNSPRNW ULIB Ver.6.0+V

เปลี่ยนเป็นภาษาไทย

Change to English
 แสดงรายละเอียดบรรณานุกรม
  กลับหน้าหลัก

Brief Record : Get Marc (ISO 2709) : E-mail record : QR code < ปิดหน้าต่าง
LEADER : 00000nam 2200000uu 4500
001    13399111881
003     ULIB
008    110627s2551||||th 000 0 tha d
020    9789740415664
090    นว.^bก879ส 2551
100 0  แก่นฝัน
245 00 สืบลับกับดักรัก/^cแก่นฝัน
250    พิมพ์ครั้งที่ 1
260    กรุงเทพฯ :^bอมรินทร์ บุ๊ค เซ็นเตอร์,^c2551
300    318 หน้า
945    ^p219^l0^i023596
995    ทศพร
999 ^a ใช้งานได้ทุกระบบ
รายการนี้ยังไม่มีแท็ก
คุณยังไม่ได้ล็อกอิน คุณสามารถมีกิจกรรมร่วมกับเว็บไซต์ได้ แต่ต้องล็อกอินก่อน ::
  ล็อกอิน

รายการสื่อสารสนเทศ

ลำดับที่ ประเภท เลขเรียก/บาร์โค้ด สถานที่ สถานะ
- ไม่พบข้อมูล -

รายการใกล้เคียง
    ผู้แต่ง [แก่นฝัน]

BibComment


ยังไม่เคยถูกคอมเมนท์

คอมเมนท์ทรัพยากรรายการนี้
  คอมเมนท์: สืบลับกับดักรัก แ..


 Copyright 2026. Bcnsprnw @Library